000
00347 a2200169 4500
001
70773
020
_a
8506009472
040
_c
Anchieta - Itaigara
100
_a
Crosher, Judith
240
1
0
_a
Os Gregos
_l
por
245
1
0
_a
Os Gregos
300
_a
60
362
0
_a
2002
440
1
_a
Melhoramentos
650
4
_a
Grécia até 323
942
_c
BK
999
_c
70773
_d
70773